000 00682nam a22002297a 4500
999 _c6771
_d6771
001 6771
003 BD-JhCC
005 20180131152728.0
008 180130b xxu||||| |||| 00| 0 eng d
035 _a(BD-JhCC)6771
040 _aBD-JhCC
_dBD-JhCC
041 _aben
082 _a590
_bHAQ 1370
100 _aহক, এ. কে. এম. আমীনুল
245 _aচিল-ময়না-দোয়েল-কোয়েল /
_cএ. কে. এম. আমীনুল হক
260 _aঢাকা :
_bবাংলা একাডেমী,
_c1370.
300 _a88 p. :
_c22 cm.
650 _aAnimals
650 _aBirds
942 _2ddc
_cBK